000
00328nam a2200133Ia 4500
008
151213s9999 xx 000 0 und d
100
_a
D.H . Lawrence
245
_a
The Lost Girl
_c
D.H . Lawrence
260
_a
London
_b
Penguing Books
_c
1956
300
_a
4609 p.
650
_a
English
700
_a
D.H . Lawrence
999
_c
2967
_d
2967